000
00228nam a22000977a 4500
999
_c
11385
_d
11385
008
190404b ||||| |||| 00| 0 eng d
020
_a
9780713652642
100
_a
Sanders, T. E
_9
7119
245
_a
Swimming
260
_a
London
_b
A&B